000 00863nam a2200229 a 4500
001 74287
003 BD-RjUL
005 20211209082531.0
008 180527s2018 bg ||||| b||| 00| 0 ben d
035 _a(BD-RjUL)74505
040 _aBD-RjUL
_beng
_cBD-RjUL
041 _aben
082 _223
_a892.708
_bHUA 2018
100 1 _aহুসাইন, মুহা. বিলাল
_9221493
245 1 0 _aআলী (রা.) এর সাহিত্য প্রতিভা /
_cমুহা. বিলাল হুসাইন,
260 _aরাজশাহী :
_bহামিদা পাব,
_c২০১৮
300 _a৬, ১৭০ পৃ. ;
_c২২ সেমি.
504 _aগ্রন্থপঞ্জি সংযোজিত
650 _aআরবী সাহিত্য
_9221494
650 _aArabic Literature
_9221495
942 _2ddc
_cBK
999 _c74287
_d74287